[Event "Tournament 14459 - Europe Echecs"]
[Site "Europe Echecs"]
[Date "2020.07.07"]
[Round "9"]
[Time "18:23:10"]
[PlyCount "59"]
[White "DesfontaineArt"]
[Black "RoganovaMaxime"]
[WhiteElo "1250"]
[BlackElo "1082"]
[Mode "WEB"]
[Result "0-1"]

1. d4 c5 2. dxc5 Qa5+ 3. Nc3 Qxc5 4. Bf4 Nf6 5. e3 Nc6 6. Nb5 Nd5 7. e4 Nxf4 8.
Nc7+ Kd8 9. Nxa8 Qb4+ 10. c3 Qxb2 11. Nf3 Qxc3+ 12. Nd2 Nd3+ 13. Bxd3 Qxd3 14.
f3 Nd4 15. Rc1 Qe3+ 16. Kf1 b6 17. Qa4 Qxd2 18. Qc4 Ba6 19. Qxa6 Qxc1+ 20. Kf2
Qxh1 21. Qb7 e6 22. Qc7+ Ke7 23. Qc4 Qd1 24. Qb4+ Kf6 25. g4 Qc2+ 26. Kg3 Bxb4
27. Nc7 Qxc7+ 28. Kh4 g5+ 29. Kh5 Qxh2# {DesfontaineArt est échec et mat} 0-1

[Event "Tournament 14459 - Europe Echecs"]
[Site "Europe Echecs"]
[Date "2020.07.07"]
[Round "9"]
[Time "18:23:10"]
[PlyCount "36"]
[White "LefortPierre"]
[Black "WadelOlivier"]
[WhiteElo "1240"]
[BlackElo "1070"]
[Mode "WEB"]
[Result "1-0"]

1. e4 e5 2. Nf3 Nc6 3. Bb5 Bc5 4. Bxc6 dxc6 5. Nxe5 Nf6 6. Nc3 Bd4 7. Nf3 Bxc3
8. bxc3 Nxe4 9. Qe2 Bf5 10. d3 Qe7 11. dxe4 Bxe4 12. O-O O-O-O 13. Re1 Bxf3 14.
Qxe7 Rd1 15. Rxd1 Bxd1 16. Bf4 Kb8 17. Qxc7+ Ka8 18. Rxd1 {WadelOlivier a abandonné} 1-0

[Event "Tournament 14459 - Europe Echecs"]
[Site "Europe Echecs"]
[Date "2020.07.07"]
[Round "9"]
[Time "18:23:10"]
[PlyCount "85"]
[White "BatailleSimon"]
[Black "OgierDaniil"]
[WhiteElo "1230"]
[BlackElo "1059"]
[Mode "WEB"]
[Result "0-1"]

1. e4 c5 2. Nf3 Nc6 3. d4 cxd4 4. Nxd4 Nf6 5. Nc3 e5 6. Nxc6 bxc6 7. Bc4 Nxe4 8.
Nxe4 d5 9. Bxd5 cxd5 10. Nc3 Be6 11. Be3 d4 12. Bxd4 exd4 13. Nb5 Qa5+ 14. Nc3
dxc3 15. bxc3 Qxc3+ 16. Ke2 Bc4+ 17. Qd3 Bxd3+ 18. cxd3 Qc2+ 19. Ke3 Bc5+ 20.
Ke4 Qe2+ 21. Kd5 Qxf2 22. Rhe1+ Be7 23. Rf1 Qc5+ 24. Ke4 O-O 25. Kf3 Qd5+ 26.
Kf2 Bc5+ 27. Kg3 Qxd3+ 28. Rf3 Qd6+ 29. Rf4 Bf2+ 30. Kf3 Qd2 31. Rf1 Qe3+ 32.
Kg4 h5+ 33. Kf5 g6+ 34. Kg5 Bh4+ 35. Kh6 Qe5 36. Rxh4 Qe3+ 37. Rhf4 Rae8 38.
R1f3 Qe6 39. Rf6 Qxa2 40. Rf2 Re2 41. Rxe2 Qxe2 42. Rc6 Qe3# {BatailleSimon est échec et mat} 0-1

[Event "Tournament 14459 - Europe Echecs"]
[Site "Europe Echecs"]
[Date "2020.07.07"]
[Round "9"]
[Time "18:23:10"]
[PlyCount "48"]
[White "DresensClement"]
[Black "NicaudSebastie"]
[WhiteElo "1220"]
[BlackElo "1058"]
[Mode "WEB"]
[Result "1-0"]

1. e4 e5 2. Nf3 Nc6 3. Bc4 h6 4. Nc3 Nf6 5. d3 Bc5 6. O-O O-O 7. b3 a6 8. Bb2 b5
9. Bd5 Nxd5 10. exd5 Ne7 11. Nxe5 d6 12. Nc6 Nxc6 13. dxc6 Qe8 14. Nd5 Qxc6 15.
Ne7+ Kh8 16. Nxc6 Bb7 17. Nd4 Bxd4 18. Bxd4 c5 19. Bb2 f6 20. d4 cxd4 21. Bxd4
Rfe8 22. Re1 Rxe1+ 23. Qxe1 g5 24. Bxf6+ {NicaudSebastie a abandonné} 1-0

[Event "Tournament 14459 - Europe Echecs"]
[Site "Europe Echecs"]
[Date "2020.07.07"]
[Round "9"]
[Time "18:23:10"]
[PlyCount "42"]
[White "NicotAnna"]
[Black "BriandEdouard"]
[WhiteElo "1220"]
[BlackElo "1038"]
[Mode "WEB"]
[Result "1-0"]

1. e4 e5 2. Nf3 Nc6 3. d4 exd4 4. Nxd4 Qh4 5. Nxc6 Qxe4+ 6. Be2 Qxc6 7. O-O Nf6
8. Bg5 Be7 9. Nc3 O-O 10. Bd3 h6 11. Bf4 Bd6 12. Be3 Ng4 13. g3 Nxe3 14. fxe3 b6
15. Be4 Qc5 16. Bxa8 Qxe3+ 17. Kh1 h5 18. Qxh5 Ba6 19. Rfe1 Qd2 20. Be4 Qf2 21.
Qh7# {BriandEdouard est échec et mat} 1-0

[Event "Tournament 14459 - Europe Echecs"]
[Site "Europe Echecs"]
[Date "2020.07.07"]
[Round "9"]
[Time "18:23:10"]
[PlyCount "107"]
[White "HorsotMaeva"]
[Black "SenegasAngelo"]
[WhiteElo "1070"]
[BlackElo "1200"]
[Mode "WEB"]
[Result "0-1"]

1. e4 e5 2. Nf3 Nc6 3. Bc4 Bc5 4. Nc3 d6 5. h3 Nf6 6. O-O Qe7 7. d3 Be6 8. Bb3
Bxb3 9. axb3 O-O-O 10. Be3 Bxe3 11. fxe3 Nh5 12. d4 Ng3 13. Re1 h6 14. d5 Nb4
15. Rxa7 Kd7 16. Rxb7 Na6 17. Qa1 Ra8 18. Qa4+ Kd8 19. Qb5 Qd7 20. Qxd7+ Kxd7
21. Ra1 Nc5 22. Rxa8 Rxa8 23. Rb4 Ra2 24. Nxa2 Ncxe4 25. Kh2 Nf1+ 26. Kg1 Neg3
27. c4 Nxe3 28. Rb7 e4 29. Nd2 Nd1 30. b4 e3 31. Nf1 e2 32. Nxg3 e1=Q+ 33. Nf1
Qf2+ 34. Kh2 Qxf1 35. b5 Ne3 36. Kg3 Qxg2+ 37. Kf4 Qf2+ 38. Ke4 Nxc4 39. b3 Qe3+
40. Kf5 Nb6 41. Nb4 g6+ 42. Kf6 Qf4+ 43. Kg7 Qxb4 44. Kxh6 Qxb5 45. Kg7 Qxd5 46.
b4 Qxb7 47. b5 f5 48. Kxg6 f4 49. h4 f3 50. h5 f2 51. h6 f1=Q 52. h7 Qbg2+ 53.
Kh6 Qfh1# {HorsotMaeva est échec et mat} 0-1

[Event "Tournament 14459 - Europe Echecs"]
[Site "Europe Echecs"]
[Date "2020.07.07"]
[Round "9"]
[Time "18:23:10"]
[PlyCount "72"]
[White "DupratNathanie"]
[Black "DespauxAxel"]
[WhiteElo "1172"]
[BlackElo "1041"]
[Mode "WEB"]
[Result "1-0"]

1. e4 c5 2. Bc4 g6 3. Qf3 e6 4. d3 Bg7 5. Ne2 Ne7 6. Nbc3 Bxc3+ 7. Nxc3 Nbc6 8.
O-O O-O 9. Bh6 Re8 10. Qf6 Nf5 11. Qxd8 Rxd8 12. exf5 d5 13. Bb5 d4 14. Ne2 exf5
15. c3 dxc3 16. bxc3 a6 17. Bc4 b5 18. Bb3 Rxd3 19. Rad1 c4 20. Bc2 Rxd1 21.
Rxd1 Be6 22. Rd6 Ne7 23. Bg5 Nd5 24. Bh6 Nf6 25. Bg5 Ne8 26. Rd4 f6 27. Bh6 g5
28. f4 g4 29. h3 gxh3 30. gxh3 Kh8 31. Ng3 Nc7 32. Bxf5 Bxf5 33. Nxf5 Re8 34.
Rd7 Ne6 35. Bg7+ Kg8 36. Nh6# {DespauxAxel est échec et mat} 1-0

[Event "Tournament 14459 - Europe Echecs"]
[Site "Europe Echecs"]
[Date "2020.07.07"]
[Round "9"]
[Time "18:23:10"]
[PlyCount "81"]
[White "PalmierNathan"]
[Black "YakoubenBadis"]
[WhiteElo "1150"]
[BlackElo "1036"]
[Mode "WEB"]
[Result "0-1"]

1. e4 e5 2. f4 f5 3. exf5 exf4 4. Qh5+ Ke7 5. d4 Nf6 6. Nf3 Nxh5 7. g4 Nf6 8.
Bxf4 Ke8 9. g5 Nd5 10. Bd2 Bb4 11. Bxb4 Nxb4 12. Bd3 Nxd3+ 13. cxd3 Kf7 14. Ne5+
Ke8 15. O-O Qxg5+ 16. Kh1 d6 17. Nf3 Qxf5 18. Nc3 Qxd3 19. Rad1 Qg6 20. Rde1+
Be6 21. Nh4 Qh6 22. Nf5 Qg6 23. Rxe6+ Qxe6 24. Nxg7+ Kd7 25. Nxe6 Kxe6 26. d5+
Ke5 27. Rf7 Na6 28. Re7+ Kf6 29. Re6+ Kf7 30. Ne4 Rae8 31. Rf6+ Kg7 32. Rf4 Nc5
33. Rg4+ Kf7 34. Ng5+ Kf6 35. Nh3 Rhg8 36. Rf4+ Ke5 37. b4 Nd3 38. Rf3 Kd4 39.
Rf4+ Nxf4 40. Nxf4 Re1# {PalmierNathan est échec et mat} 0-1

[Event "Tournament 14459 - Europe Echecs"]
[Site "Europe Echecs"]
[Date "2020.07.07"]
[Round "9"]
[Time "18:23:10"]
[PlyCount "64"]
[White "JoinErnest"]
[Black "CotterchioJade"]
[WhiteElo "860"]
[BlackElo "1130"]
[Mode "WEB"]
[Result "1-0"]

1. d4 d5 2. c4 dxc4 3. Nc3 Bf5 4. Nf3 Nf6 5. e4 Bg6 6. e5 Ng4 7. Nd2 e6 8. Qxg4
Bb4 9. Be2 Bxc3 10. bxc3 O-O 11. Nxc4 Qd5 12. Qf3 Be4 13. Qe3 Bxg2 14. Rg1 Bh3
15. Qh6 Bg2 16. Rxg2 Qxg2 17. Qe3 Qg1+ 18. Kd2 Qxh2 19. Bf3 Nc6 20. Ba3 Rfd8 21.
Rb1 Rab8 22. Bxc6 Qh4 23. Bxb7 Qe7 24. Bxe7 Re8 25. Bh4 Rxb7 26. Rxb7 c6 27. Nd6
c5 28. Rxf7 c4 29. Rxa7 h6 30. Nxe8 Kf8 31. Qf3+ Kxe8 32. Qf7# {CotterchioJade est échec et mat} 1-0

[Event "Tournament 14459 - Europe Echecs"]
[Site "Europe Echecs"]
[Date "2020.07.07"]
[Round "9"]
[Time "18:23:10"]
[PlyCount "84"]
[White "RobertAlexandr"]
[Black "DinoniAttaliMy"]
[WhiteElo "799"]
[BlackElo "1129"]
[Mode "WEB"]
[Result "1-0"]

1. e4 c5 2. Nf3 Nc6 3. Bc4 e6 4. d3 Nf6 5. e5 Nd5 6. Bxd5 exd5 7. Bg5 Be7 8.
Bxe7 Qxe7 9. Qe2 O-O 10. Nc3 Re8 11. Nxd5 Qe6 12. Nc7 Re7 13. Nxe6 Rxe6 14.
O-O-O d6 15. Qd2 Nxe5 16. Nxe5 Rxe5 17. Rhe1 Rxe1 18. Rxe1 Bd7 19. Qe3 h6 20.
Qe4 g6 21. Qe7 Bc6 22. Qxd6 Kg7 23. Qxc5 Bxg2 24. Qe5+ f6 25. Qe7+ Kh8 26. Qxf6+
Kh7 27. Qf7+ Kh8 28. Re8+ Rxe8 29. Qxe8+ Kh7 30. d4 Bd5 31. Qd7+ Kg8 32. Qxd5+
Kg7 33. Qxb7+ Kf6 34. d5 Ke5 35. Qc6 g5 36. d6 Ke6 37. d7+ Ke7 38. Qc8 h5 39.
d8=Q+ Kf7 40. Qcd7+ Kg6 41. Qg8+ Kh6 42. Qdh7# {DinoniAttaliMy est échec et mat} 1-0

[Event "Tournament 14459 - Europe Echecs"]
[Site "Europe Echecs"]
[Date "2020.07.07"]
[Round "9"]
[Time "18:23:10"]
[PlyCount "45"]
[White "BertrandCome"]
[Black "RosuAlexandru"]
[WhiteElo "799"]
[BlackElo "1126"]
[Mode "WEB"]
[Result "0-1"]

1. e4 e5 2. Nc3 Bc5 3. Nf3 Nf6 4. Nxe5 Qe7 5. d4 Bb6 6. Nd5 Nxd5 7. exd5 d6 8.
Bb5+ c6 9. Bc4 dxe5 10. dxc6 Nxc6 11. dxe5 Qxe5+ 12. Qe2 Qxe2+ 13. Bxe2 Nd4 14.
Bb5+ Nxb5 15. Bf4 Nd4 16. O-O-O O-O 17. Be5 Nc6 18. g4 Nxe5 19. a3 Bxg4 20. Rhg1
Bxd1 21. Rxd1 Rad8 22. Rxd8 Rxd8 {BertrandCome a abandonné} 0-1

[Event "Tournament 14459 - Europe Echecs"]
[Site "Europe Echecs"]
[Date "2020.07.07"]
[Round "9"]
[Time "18:23:10"]
[PlyCount "122"]
[White "LegardeurAnton"]
[Black "EripretRaoul"]
[WhiteElo "1115"]
[BlackElo "799"]
[Mode "WEB"]
[Result "1/2-1/2"]

1. e4 e5 2. Nf3 Nc6 3. Nc3 Nf6 4. Bb5 d6 5. d3 a6 6. Bxc6+ bxc6 7. Be3 d5 8. O-O
dxe4 9. dxe4 Qe7 10. a3 Bg4 11. h3 Bxf3 12. Qxf3 Qd6 13. Rad1 Qe6 14. Rd2 Rd8
15. Rfd1 Rxd2 16. Rxd2 h6 17. Rd1 g5 18. Qe2 g4 19. Qd2 Qe7 20. b4 gxh3 21. gxh3
Rg8+ 22. Kh2 h5 23. Bc5 Qd7 24. Qxd7+ Nxd7 25. Bxf8 Nxf8 26. Rg1 Rxg1 27. Kxg1
Nd7 28. Kg2 c5 29. b5 axb5 30. Nxb5 Kd8 31. a4 c4 32. a5 Nb8 33. Kg3 Kd7 34. Kh4
Kc6 35. Na3 Kc5 36. Kxh5 Kb4 37. Nb1 c3 38. Kh6 Kxa5 39. Kg7 Kb5 40. Nxc3+ Kc4
41. Nd5 Kd4 42. h4 Kxe4 43. Nxc7 Kf3 44. h5 e4 45. h6 Kxf2 46. h7 e3 47. h8=Q e2
48. Qxb8 e1=Q 49. Kxf7 Qc1 50. Qb3 Ke2 51. c4 Kd2 52. Qb5 Kd3 53. c5+ Kd4 54. c6
Qc5 55. Qb6 Qxb6 56. Ne6+ Kd5 57. c7 Qa6 58. Ke7 Kc6 59. Kd8 Qb7 60. c8=Q+ Qxc8+
61. Kxc8 {Aucun joueur n'a le mat&eacute;riel pour mater} 1/2-1/2

[Event "Tournament 14459 - Europe Echecs"]
[Site "Europe Echecs"]
[Date "2020.07.07"]
[Round "9"]
[Time "18:23:10"]
[PlyCount "78"]
[White "CortadellasJul"]
[Black "GarcinEleonore"]
[WhiteElo "1114"]
[BlackElo "799"]
[Mode "WEB"]
[Result "1-0"]

1. d4 d5 2. c4 Nf6 3. Nc3 dxc4 4. e4 Nc6 5. Nf3 Bg4 6. d5 Bxf3 7. Qxf3 Nd4 8.
Qd1 c5 9. Bxc4 Qa5 10. Qa4+ Qxa4 11. Nxa4 b5 12. Bxb5+ Nxb5 13. Nxc5 Nd4 14. O-O
Nc2 15. Rb1 Nd4 16. Be3 Ne2+ 17. Kh1 Ng4 18. h3 Nxe3 19. fxe3 Ng3+ 20. Kh2 Nxf1+
21. Rxf1 O-O-O 22. Rc1 e6 23. Nxe6+ Kd7 24. Nxd8 Kxd8 25. Rf1 Bd6+ 26. g3 f6 27.
Kg2 Re8 28. Kf3 Bc5 29. Rc1 Bb6 30. a4 f5 31. exf5 Rxe3+ 32. Kf4 Rb3 33. Rc2
Be3+ 34. Ke5 Bh6 35. d6 Rxg3 36. Rc7 Rf3 37. Ke6 Bf4 38. Rxa7 Rd3 39. Ra8# {GarcinEleonore est échec et mat} 1-0

[Event "Tournament 14459 - Europe Echecs"]
[Site "Europe Echecs"]
[Date "2020.07.07"]
[Round "9"]
[Time "18:23:10"]
[PlyCount "70"]
[White "RossoTiziano"]
[Black "ChennitAriles"]
[WhiteElo "799"]
[BlackElo "1110"]
[Mode "WEB"]
[Result "1-0"]

1. e4 d6 2. Nf3 f5 3. exf5 Bxf5 4. Bc4 d5 5. Bb3 e6 6. O-O Nf6 7. Ne5 Qe7 8. Nc3
Nc6 9. Nxc6 bxc6 10. d3 e5 11. Bg5 c5 12. Bxf6 Qxf6 13. Nxd5 Qd6 14. Ne3 Bg6 15.
Qg4 Be7 16. Ba4+ c6 17. Qf3 Rf8 18. Qh3 Bf7 19. Qxh7 Bd8 20. Nf5 Qe6 21. Nxg7+
Kd7 22. Nxe6 Kxe6 23. Qh6+ Ke7 24. Bxc6 Bc7 25. Bxa8 Rxa8 26. Qc6 Rc8 27. Qb7
Rd8 28. Qxc7+ Ke8 29. Qxe5+ Kf8 30. Rae1 Bd5 31. Qh8+ Bg8 32. Re2 Kf7 33. Rfe1
Kg6 34. Qe5 Rb8 35. Qxb8 {ChennitAriles a abandonné} 1-0

[Event "Tournament 14459 - Europe Echecs"]
[Site "Europe Echecs"]
[Date "2020.07.07"]
[Round "9"]
[Time "18:23:10"]
[PlyCount "177"]
[White "RomangNicolasT"]
[Black "VirgoNathan"]
[WhiteElo "1090"]
[BlackElo "1560"]
[Mode "WEB"]
[Result "0-1"]

1. d4 d5 2. Bf4 Nc6 3. e3 Bf5 4. Nf3 e6 5. Nbd2 Nf6 6. c3 Bd6 7. Bg3 Bxg3 8.
hxg3 Ne4 9. Nxe4 Bxe4 10. Qe2 O-O 11. Ne5 Nxe5 12. dxe5 Qg5 13. f4 Qf5 14. Qh5
Bb1 15. Qxf5 Bxf5 16. O-O-O Bg4 17. Re1 Rad8 18. Be2 Bxe2 19. Rxe2 c5 20. Ree1
d4 21. exd4 cxd4 22. Rh2 dxc3 23. bxc3 Rc8 24. Kc2 Rc7 25. Reh1 h6 26. g4 Rfc8
27. Rh3 b5 28. g5 Kf8 29. gxh6 gxh6 30. Rxh6 Ke7 31. R6h3 b4 32. Rb1 Rxc3+ 33.
Rxc3 Rxc3+ 34. Kb2 Rg3 35. Kc1 a5 36. Rb2 Rc3+ 37. Rc2 Re3 38. Rc7+ Ke8 39. Rc8+
Kd7 40. Ra8 Re2 41. Ra7+ Ke8 42. Ra8+ Ke7 43. Rxa5 Rxg2 44. Ra7+ Kf8 45. Ra8+
Kg7 46. Ra4 Rg1+ 47. Kc2 Rg2+ 48. Kb3 Rg4 49. Rxb4 Kg6 50. a3 Kf5 51. a4 Rg8 52.
a5 Ra8 53. Rb5 Kxf4 54. Rb4+ Kxe5 55. Ra4 f5 56. a6 f4 57. a7 f3 58. Ra2 Ke4 59.
Kb4 Ke3 60. Kb5 f2 61. Rxf2 Kxf2 62. Kb6 e5 63. Kb7 Rxa7+ 64. Kxa7 e4 65. Kb6 e3
66. Kc7 e2 67. Kc6 e1=Q 68. Kc7 Qe6 69. Kb7 Qd6 70. Kc8 Ke3 71. Kb7 Kd4 72. Kc8
Kc5 73. Kb7 Qc6+ 74. Kb8 Kb5 75. Ka7 Qb6+ 76. Ka8 Qc6+ 77. Ka7 Qc7+ 78. Ka8 Qc8+
79. Ka7 Qa6+ 80. Kb8 Qb6+ 81. Ka8 Qh6 82. Ka7 Qc1 83. Ka8 Kc6 84. Ka7 Kc7 85.
Ka6 Qb1 86. Ka5 Kc6 87. Ka4 Kc5 88. Ka5 Qb5# {RomangNicolasT est échec et mat} 0-1

[Event "Tournament 14459 - Europe Echecs"]
[Site "Europe Echecs"]
[Date "2020.07.07"]
[Round "9"]
[Time "18:23:10"]
[PlyCount "70"]
[White "HermantAntoine"]
[Black "KiyendeLibataE"]
[WhiteElo "980"]
[BlackElo "1360"]
[Mode "WEB"]
[Result "1/2-1/2"]

1. e4 e5 2. Nf3 Nc6 3. Bb5 Be7 4. Nc3 Nf6 5. O-O O-O 6. d3 d6 7. Bg5 Nd4 8. Nxd4
exd4 9. Ne2 c6 10. Ba4 b5 11. Bb3 a5 12. a4 bxa4 13. Bxa4 c5 14. Bc6 Rb8 15.
Rxa5 Bd7 16. Bxd7 Qxd7 17. Ra2 Qe6 18. c3 Qxa2 19. cxd4 Rxb2 20. Re1 Rfb8 21.
Nc1 Qa1 22. dxc5 dxc5 23. e5 Nd5 24. Bxe7 Nxe7 25. e6 fxe6 26. Rxe6 Rb1 27. Re1
Nd5 28. Qc2 R8b2 29. Qxc5 h6 30. Qxd5+ Kh7 31. Qe4+ Kh8 32. Qe8+ Kh7 33. Qe4+
Kg8 34. Qe8+ Kh7 35. Qe4+ {Nulle par répétition} 1/2-1/2

[Event "Tournament 14459 - Europe Echecs"]
[Site "Europe Echecs"]
[Date "2020.07.07"]
[Round "9"]
[Time "18:23:10"]
[PlyCount "56"]
[White "OliveiraMateo"]
[Black "LoppinLylou"]
[WhiteElo "1317"]
[BlackElo "1102"]
[Mode "WEB"]
[Result "1-0"]

1. d4 d5 2. c4 dxc4 3. e4 Nf6 4. Nc3 Nc6 5. d5 Ne5 6. Bf4 Bg4 7. Be2 Nd3+ 8. Kf1
Bxe2+ 9. Ngxe2 Nxf4 10. Nxf4 e5 11. Nfe2 Be7 12. Qa4+ c6 13. dxc6 bxc6 14. Qxc6+
Nd7 15. Qxc4 O-O 16. Rd1 Rc8 17. Qa4 Qe8 18. Qxd7 Qxd7 19. Rxd7 Bb4 20. Rxa7
Bxc3 21. Nxc3 Rfd8 22. Ke2 Rd6 23. Rd1 Rb6 24. Rd2 h6 25. Nd5 Rb5 26. Ne7+ Kf8
27. Nxc8 Rb8 28. Rd8# {LoppinLylou est échec et mat} 1-0

[Event "Tournament 14459 - Europe Echecs"]
[Site "Europe Echecs"]
[Date "2020.07.07"]
[Round "9"]
[Time "18:23:10"]
[PlyCount "97"]
[White "AngeleAndreas"]
[Black "ChanthavongsaN"]
[WhiteElo "799"]
[BlackElo "1253"]
[Mode "WEB"]
[Result "0-1"]

1. e4 c5 2. Nf3 d6 3. h3 Nf6 4. Nc3 e6 5. Bc4 Be7 6. O-O O-O 7. d3 d5 8. exd5
exd5 9. Bb3 Be6 10. Bg5 h6 11. Bxf6 Bxf6 12. Nb5 a6 13. Na3 b5 14. Nb1 c4 15.
dxc4 dxc4 16. Qxd8 Rxd8 17. Bxc4 Bxc4 18. Nc3 Bxf1 19. Kxf1 Bxc3 20. bxc3 Nc6
21. Re1 Re8 22. Rxe8+ Rxe8 23. Nd4 Nxd4 24. cxd4 Rc8 25. d5 Rxc2 26. a3 Rd2 27.
g4 Rxd5 28. f4 Rd4 29. f5 g6 30. fxg6 fxg6 31. Ke2 Ra4 32. Kd2 Rxa3 33. h4 Rh3
34. g5 hxg5 35. hxg5 Rg3 36. Kc2 Rxg5 37. Kb3 Rg3+ 38. Kb4 g5 39. Ka5 g4 40.
Kxa6 Rb3 41. Ka5 g3 42. Ka6 g2 43. Kb6 g1=Q+ 44. Ka6 Ra3+ 45. Kxb5 Rc3 46. Kb4
Qc1 47. Kb5 Qb2+ 48. Ka4 Ra3# {AngeleAndreas est échec et mat} 0-1

[Event "Tournament 14459 - Europe Echecs"]
[Site "Europe Echecs"]
[Date "2020.07.07"]
[Round "9"]
[Time "18:23:10"]
[PlyCount "67"]
[White "DemirciNoe"]
[Black "DetrazLorna"]
[WhiteElo "1240"]
[BlackElo "1032"]
[Mode "WEB"]
[Result "0-1"]

1. Nf3 c5 2. g3 e6 3. Bg2 b5 4. Nh4 Nc6 5. O-O Bb7 6. d3 d5 7. Bf4 Nf6 8. Nc3
Be7 9. e4 Nh5 10. exd5 Nxf4 11. dxc6 Nxg2 12. cxb7 Rb8 13. Kxg2 Qc7 14. Qf3 Rxb7
15. a4 bxa4 16. Nxa4 Rb8 17. Nc3 Qd8 18. Qc6+ Kf8 19. Qf3 Bxh4 20. gxh4 Qxh4 21.
Qg3 Qd4 22. Qxb8+ Ke7 23. Nb5 Qd5+ 24. f3 Rxb8 25. Nc3 Qg5+ 26. Kf2 Qd2+ 27. Kg1
Qxc2 28. Ne4 Rxb2 29. Rxa7+ Ke8 30. Nd6+ Kd8 31. Nxf7+ Kc8 32. Nd6+ Kb8 33. Rxg7
Qxh2# {DemirciNoe est échec et mat} 0-1

[Event "Tournament 14459 - Europe Echecs"]
[Site "Europe Echecs"]
[Date "2020.07.07"]
[Round "9"]
[Time "18:23:10"]
[PlyCount "87"]
[White "BoursierIrina"]
[Black "NouvianArthur"]
[WhiteElo "799"]
[BlackElo "1199"]
[Mode "WEB"]
[Result "0-1"]

1. e4 e5 2. Nf3 Nc6 3. d4 exd4 4. Nxd4 Nxd4 5. Qxd4 Nf6 6. e5 Nh5 7. g4 Nf6 8.
exf6 gxf6 9. Bg5 Bg7 10. Nc3 O-O 11. Bf4 Re8+ 12. Be2 d6 13. O-O-O f5 14. gxf5
Bxd4 15. Rxd4 Bxf5 16. Bd3 Bxd3 17. cxd3 Qf6 18. Rb4 Rab8 19. Rg1+ Kf8 20. Bg5
Qxf2 21. Rh1 Re1+ 22. Rxe1 Qxe1+ 23. Kc2 c5 24. Ra4 Qf2+ 25. Kb3 Ra8 26. h4 a6
27. Ne4 b5 28. Ra5 Qd4 29. Bf6 Qb4+ 30. Kc2 Qxa5 31. Nxd6 Qxa2 32. d4 Qa4+ 33.
b3 Qa2+ 34. Kc3 cxd4+ 35. Bxd4 Ke7 36. Nb7 Rc8+ 37. Nc5 Qa1+ 38. Kb4 Qxd4+ 39.
Ka3 Qxc5+ 40. Kb2 Qc3+ 41. Kb1 Rd8 42. Ka2 Rd2+ 43. Kb1 Qb2# {BoursierIrina est échec et mat} 0-1

[Event "Tournament 14459 - Europe Echecs"]
[Site "Europe Echecs"]
[Date "2020.07.07"]
[Round "9"]
[Time "18:23:10"]
[PlyCount "72"]
[White "RodionovVadim"]
[Black "GrangeonEdouar"]
[WhiteElo "1134"]
[BlackElo "799"]
[Mode "WEB"]
[Result "1-0"]

1. d4 d5 2. c4 e6 3. Nc3 Nf6 4. Bg5 Be7 5. Nf3 O-O 6. e3 Nbd7 7. Bxf6 Nxf6 8.
Bd3 dxc4 9. Bxc4 Bb4 10. O-O a6 11. a3 Bxc3 12. bxc3 b5 13. Bd3 Bb7 14. a4 bxa4
15. Rxa4 Bc6 16. Rxa6 Bb7 17. Rxa8 Qxa8 18. Qe2 h6 19. Re1 Nh7 20. e4 f6 21. Bc4
Re8 22. e5 fxe5 23. dxe5 Kh8 24. Nh4 g5 25. Nf3 Kg7 26. Nd4 Bd5 27. Bxd5 Qxd5
28. Qe4 Qc4 29. Qf3 Rf8 30. Qh3 Kh8 31. Nxe6 Re8 32. Nd4 Qxc3 33. Qxc3 Nf8 34.
e6 Ng6 35. Nf5+ Kh7 36. Qg7# {GrangeonEdouar est échec et mat} 1-0

[Event "Tournament 14459 - Europe Echecs"]
[Site "Europe Echecs"]
[Date "2020.07.07"]
[Round "9"]
[Time "18:23:10"]
[PlyCount "66"]
[White "ErudelIrina"]
[Black "RaffinLeon"]
[WhiteElo "1620"]
[BlackElo "1080"]
[Mode "WEB"]
[Result "1-0"]

1. e4 e5 2. Nf3 Nc6 3. Nc3 Bc5 4. Bc4 Nf6 5. d3 O-O 6. Bd2 Ng4 7. O-O d6 8. Qc1
Nb4 9. Nd1 Re8 10. Bg5 Qd7 11. h3 Nf6 12. a3 Nc6 13. b4 Bd4 14. Rb1 Qd8 15. b5
Na5 16. Qd2 b6 17. Bd5 Be6 18. Bxa8 Qxa8 19. c3 Bc5 20. d4 Bxa3 21. d5 Bd7 22.
Ne3 Bxb5 23. Rxb5 Nd7 24. Ra1 Bc5 25. Ng4 Nc4 26. Qd3 Na5 27. Nh4 g6 28. Nf6+
Nxf6 29. Bxf6 Qb7 30. Qd2 Qa6 31. Qh6 Bxf2+ 32. Kxf2 g5 33. Qg7# {RaffinLeon est échec et mat} 1-0

[Event "Tournament 14459 - Europe Echecs"]
[Site "Europe Echecs"]
[Date "2020.07.07"]
[Round "9"]
[Time "18:23:10"]
[PlyCount "95"]
[White "BainthouverezA"]
[Black "ErudelMaeva"]
[WhiteElo "1058"]
[BlackElo "1500"]
[Mode "WEB"]
[Result "0-1"]

1. c4 e6 2. e3 d5 3. b3 Nf6 4. Bb2 g6 5. Nc3 Bg7 6. g3 c5 7. Bg2 b6 8. Nge2 Bb7
9. O-O O-O 10. d4 Nc6 11. cxd5 exd5 12. h3 Ba6 13. Kh2 cxd4 14. exd4 Re8 15. Re1
Qd7 16. Qc2 Re7 17. Nf4 Nb4 18. Rxe7 Qxe7 19. Qd2 Rd8 20. Re1 Qd7 21. a3 Nc6 22.
Qe3 Ne7 23. Qxe7 Qxe7 24. Rxe7 Kf8 25. Re1 Bb7 26. Re5 Ne8 27. Rxd5 Bxd5 28.
Nfxd5 Bxd4 29. Nf4 Bxf2 30. Ne4 Bc5 31. Nxc5 bxc5 32. h4 Rd2 33. Bc3 Ra2 34. a4
Ra3 35. Be5 Rxb3 36. Bf3 Rxf3 37. Nd5 Rf5 38. Ne3 Rxe5 39. Ng4 Re4 40. Nf2 Rxa4
41. Kh3 c4 42. Kh2 c3 43. Kh3 c2 44. Kh2 c1=Q 45. Kh3 Qd2 46. Kh2 Qxf2+ 47. Kh3
Ra2 {BainthouverezA a perdu au temps} 0-1

[Event "Tournament 14459 - Europe Echecs"]
[Site "Europe Echecs"]
[Date "2020.07.07"]
[Round "9"]
[Time "18:23:10"]
[PlyCount "148"]
[White "FortinGuilhem"]
[Black "MenardEmma"]
[WhiteElo "1043"]
[BlackElo "1490"]
[Mode "WEB"]
[Result "1-0"]

1. e4 c5 2. Nc3 d6 3. Nf3 Nf6 4. Bb5+ Bd7 5. Bxd7+ Nbxd7 6. O-O g6 7. d3 Bg7 8.
h3 O-O 9. Bg5 Qb6 10. a3 Qxb2 11. Ne2 b6 12. Rb1 Qxa3 13. Ra1 Qb4 14. c3 Qb5 15.
c4 Qb2 16. Rb1 Qa3 17. Ra1 Qb4 18. Rb1 Qa5 19. Ra1 Qb4 20. Qc2 b5 21. Rfb1 bxc4
22. Rxb4 cxb4 23. dxc4 Nxe4 24. Qxe4 Bxa1 25. Bxe7 Rfe8 26. Nd2 Nc5 27. Qe3 Bg7
28. Ne4 Nxe4 29. Qxe4 Rac8 30. Kh2 Rc5 31. Nd4 Bxd4 32. Qxd4 Rxe7 33. Kg3 Ree5
34. Qxd6 Rg5+ 35. Kf4 b3 36. Qb8+ Kg7 37. Qxb3 Rxg2 38. Qb4 Rf5+ 39. Ke3 Rfxf2
40. Kd4 h5 41. c5 Rc2 42. Qb5 Rh2 43. c6 Rxh3 44. Qb7 Rg3 45. c7 h4 46. c8=Q
Rxc8 47. Qxc8 h3 48. Qc1 h2 49. Ke4 Rg4+ 50. Kf3 Rg1 51. Qc3+ f6 52. Qc7+ Kh6
53. Qxh2+ Kg7 54. Qxg1 g5 55. Qxa7+ Kg6 56. Kg4 f5+ 57. Kg3 f4+ 58. Kg4 Kf6 59.
Qb6+ Ke5 60. Qg6 f3 61. Kxf3 Kd4 62. Qxg5 Kc4 63. Kf4 Kd4 64. Kf5 Kc3 65. Qg4
Kb3 66. Ke4 Ka3 67. Kd5 Kb3 68. Kc5 Kc3 69. Qg3+ Kb2 70. Kc4 Ka2 71. Kb4 Kb2 72.
Qg2+ Kb1 73. Kc3 Kc1 74. Qc2# {MenardEmma est échec et mat} 1-0

[Event "Tournament 14459 - Europe Echecs"]
[Site "Europe Echecs"]
[Date "2020.07.07"]
[Round "9"]
[Time "18:23:10"]
[PlyCount "32"]
[White "GerandiPierreM"]
[Black "ClairThibaud"]
[WhiteElo "1330"]
[BlackElo "980"]
[Mode "WEB"]
[Result "1-0"]

1. e4 e5 2. Nf3 Nc6 3. d4 exd4 4. Nxd4 Be7 5. Nxc6 bxc6 6. Bd3 Nf6 7. Nc3 Bb7 8.
Be3 O-O 9. O-O h6 10. f4 Re8 11. e5 Nd5 12. Nxd5 cxd5 13. Qg4 Rc8 14. f5 f6 15.
Bxh6 Rf8 16. Qxg7# {ClairThibaud est échec et mat} 1-0

[Event "Tournament 14459 - Europe Echecs"]
[Site "Europe Echecs"]
[Date "2020.07.07"]
[Round "9"]
[Time "18:23:10"]
[PlyCount "134"]
[White "TaralloAurian"]
[Black "HanszJules"]
[WhiteElo "1007"]
[BlackElo "1310"]
[Mode "WEB"]
[Result "1/2-1/2"]

1. e4 e5 2. Nf3 Nc6 3. Bc4 Bc5 4. Nc3 Nf6 5. d3 d6 6. h3 h6 7. a3 a6 8. Bd5 Be6
9. Bxc6+ bxc6 10. b4 Bd4 11. Nxd4 exd4 12. Ne2 d5 13. e5 Nh5 14. Nf4 Nxf4 15.
Bxf4 O-O 16. O-O Qh4 17. Qf3 Qe7 18. Qg3 Rae8 19. Bxh6 g6 20. Qg5 Qxg5 21. Bxg5
Kg7 22. Bf6+ Kh6 23. Rae1 g5 24. g4 Kg6 25. f3 Bxg4 26. fxg4 a5 27. bxa5 c5 28.
Rf5 Kh7 29. Rxg5 c4 30. Rg7+ Kh6 31. h4 Rg8 32. Rxf7 Rxg4+ 33. Kh2 Reg8 34. Bg5+
Kh5 35. Rf6 Rh8 36. e6 Rxg5 37. hxg5 Kxg5+ 38. Kg2 Kxf6 39. e7 Rg8+ 40. Kf3 Re8
41. a6 Kf7 42. a7 cxd3 43. cxd3 c5 44. Kf2 c4 45. dxc4 dxc4 46. Re4 d3 47. Rxc4
Kxe7 48. Rd4 Ra8 49. Rxd3 Rxa7 50. Ke2 Kf8 51. Kd2 Rf7 52. Kc2 Rc7+ 53. Kb2 Rb7+
54. Rb3 Re7 55. a4 Ke8 56. Ka3 Kd8 57. Rb4 Kc8 58. a5 Rb7 59. Ka4 Rxb4+ 60. Kxb4
Kb7 61. Kb5 Ka7 62. a6 Ka8 63. Kb6 Kb8 64. Ka5 Ka7 65. Kb5 Ka8 66. Ka5 Ka7 67.
Kb5 {Nulle par répétition} 1/2-1/2